00999cam a2200289 45000010005000000030008000050050017000130080041000300200016000710350018000870400032001050410008001370510026001450820022001711100064001932450108002572600039003653000032004043500009004364100043004455000056004885040041005446500040005856500030006256500013006558300041006682650BD-RjUL20211208233609.0720215s1970 nyuae b 000 0 eng  c: Tk. 56.00 a(BD-RjUL)2677 aDLCcDLCdDLCdBD-RjULbeng aeng aTH860b.U554cCopy 2.00a720223bUNM 19702 aUnited Nations.bDepartment of Economic and Social Affairs.10aModular co-ordination of low-cost housing /cUnited Nations. Department of Economic and Social Affairs. aNew York :bUnited Nations,c1970. ax, 220 p. :bill. ;c28 cm. a3.5020a[United Nations.tDocument]vST/SOA/90 a"United Nations publication. Sales no.: E.69.IV.5." aIncludes bibliographical references. 0aModular coordination (Architecture) 0aWorking classxDwellings. 0aHousing. aUnited Nations Document ;vST/SOA/90